banner-ar

غاية الرسام العصرى / (Record no. 8234)

MARC details
000 -الفاتح
حقل البيانات ثابتة الطول 00691nam a2200205Ia 4500
008 - عناصر البيانات ثابتة الطول - معلومات عامة
حقل البيانات ثابتة الطول 140319s9999 xx 000 0 ara d
040 ## - مصدر الفهرسة
وكالة الفهرسة الأصلية GCL /
وكالة النسخ GCL
082 04 - رقم تصنيف ديوى العشرى
رقم التصنيف 741
رقم المادة ر غ
100 1# - المدخل الرئيسى - إسم شخصى
الإسم الشخصى رمسيس يونان
245 10 - بيان العنوان
العنوان غاية الرسام العصرى /
بيان المسئوليه,etc رمسيس يونان
300 ## - الوصف المادى
التعداد 63 ص ؛
أبعاد الوعاء 22 سم
490 ## - بيان السلسلة
عنوان السلسلة مكتبة الفنون التشكيلية
رقم المجلد/ التعيين التسلسلي 3
650 04 - المدخل الاضافى بالموضوع-مصطلح موضوعى
مصطلح موضوعي الفنون الجميلة
650 04 - المدخل الاضافى بالموضوع-مصطلح موضوعى
مصطلح موضوعي اللوحات الفنية
650 04 - المدخل الاضافى بالموضوع-مصطلح موضوعى
مصطلح موضوعي الرسم - الطرق الفنية
650 04 - المدخل الاضافى بالموضوع-مصطلح موضوعى
مصطلح موضوعي اللوحات - مجموعات
942 ## - عناصر المدخل الإضافي( كوها)
مصدر التصنيف او مخطط الترفيف Dewey Decimal Classification
Koha [default] item type كتاب
260 ## - PUBLICATION, DISTRIBUTION, ETC. (IMPRINT)
-- الامارات :
-- مركز الشارقة للابداع الفكرى
Holdings
حالة التراجع حالة الفقد حالة تلف ليس للاعارة المكان المؤقت الموقع الحالى تاريخ الاكتساب اجمالي اﻻعارات رقم الطلب الباركود تاريخ اخر مشاهدة تاريخ تفعيل السعر نوع وعاء كوها
        مكتبة القاهرة الكبرى مكتبة القاهرة الكبرى 03/26/2014   741\ر غ 17101 03/26/2014 03/26/2014 كتاب
        مكتبة القاهرة الكبرى مكتبة القاهرة الكبرى 03/26/2014   741\ر غ 17102 03/26/2014 03/26/2014 كتاب

Powered By

EGPV